| 000 | 00666nam a2200277Ia 4500 | ||
|---|---|---|---|
| 001 | Z_1640 | ||
| 003 | CHAP | ||
| 008 | 220113s1992 xx 000 0 und d | ||
| 010 | _a164727 | ||
| 040 | _cCHAP | ||
| 082 | _a001.6424 S82 | ||
| 100 |
_aStark, Robin _9109486 |
||
| 245 |
_aFox Pro: the master reference / _cby Robin Stark and Shelley Sotonin |
||
| 260 |
_aBlue Ridge Summit, PA : _bMc Graw-Hill, _c1992 |
||
| 300 | _a500 p | ||
| 440 | _a | ||
| 500 | _a | ||
| 503 | _a | ||
| 650 |
_aFox Pro (Programación) I. Sotonin, Shelley _9138808 |
||
| 901 | _a001.6424 S82 | ||
| 902 | _aA | ||
| 910 | _a1992 | ||
| 942 | _c1 | ||
| 942 | _cc1 | ||
| 999 |
_c164727 _d164727 |
||